| 000 | 00579nam a2200169Ia 4500 | ||
|---|---|---|---|
| 008 | 140609s9999 xx 000 0 und d | ||
| 020 | _a9789715066389 | ||
| 050 |
_aML 330 _b.Sa59 2012 |
||
| 100 | _aSantos, Ramon P. | ||
| 245 |
_aLaon-laon : _bperpectives in transmission and pedagogy of musical traditions in post-colonial southeast asia / _cRamon P. Santos, |
||
| 260 |
_aManila, Philippines : _bUST, Publishing House, _cc2012. |
||
| 300 |
_a214 p. ; _bill. ; _c23 cm. |
||
| 500 | _aIncludes references and glossary. | ||
| 521 | _aGE | ||
| 942 |
_kLOC _cBK |
||
| 999 |
_c118260 _d118260 |
||